| 000 | 00446nam a2200193Ia 4500 | ||
|---|---|---|---|
| 008 | 210210b1925 xxu||||| |||| 00| 0 eng d | ||
| 041 | _aeng | ||
| 082 | _a821/818 | ||
| 100 | _aSQUIRE (J C) | ||
| 245 | _aAugustan Books of Modern Poetry | ||
| 260 |
_aLondon _bErnest Benn Limited _c1925 |
||
| 650 | _aPoetry | ||
| 650 | _aof | ||
| 650 | _aModern | ||
| 650 | _aBooks | ||
| 650 | _aAugustan | ||
| 690 | _aEnglish Poetry | ||
| 906 | _a011984 | ||
| 999 |
_c130733 _d130733 |
||